|
|
|
|
| LEADER |
00000nam0a2200000 4500 |
| 001 |
260857 |
| 005 |
20231031221320.0 |
| 010 |
|
|
|a 562800104х
|
| 035 |
|
|
|a (RuTPU)RU\TPU\book\283827
|
| 090 |
|
|
|a 260857
|
| 100 |
|
|
|a 20140519d1988 k y0rusy50 ca
|
| 101 |
0 |
|
|a rus
|
| 102 |
|
|
|a KZ
|
| 105 |
|
|
|a a z 001zy
|
| 200 |
1 |
|
|a Газодинамика и тепломассообмен в металлургических шихтах
|e доменное производство
|f А. Г. Захаров, Е. В. Торопов
|g Академия наук Казахской ССР (АН КазССР), Химико-металлургический институт (ХМИ)
|
| 210 |
|
|
|a Алма-Ата
|c Наука
|d 1988
|
| 215 |
|
|
|a 116 с.
|c ил.
|
| 320 |
|
|
|a Библиогр.: с. 109-112.
|
| 606 |
1 |
|
|a Металлургические заводы
|x Газовое хозяйство
|2 stltpush
|3 (RuTPU)RU\TPU\subj\42754
|
| 610 |
1 |
|
|a шихта
|
| 610 |
1 |
|
|a газодинамика
|
| 610 |
1 |
|
|a тепломассообмен
|
| 610 |
1 |
|
|a доменное производство
|
| 610 |
1 |
|
|a газовые потоки
|
| 610 |
1 |
|
|a доменные печи
|
| 675 |
|
|
|a 669.162.2
|v 3
|
| 700 |
|
1 |
|a Захаров
|b А. Г.
|g Александр Гаврилович
|
| 701 |
|
1 |
|a Торопов
|b Е. В.
|g Евгений Васильевич
|
| 712 |
0 |
2 |
|a Академия наук Казахской ССР (АН КазССР)
|b Химико-металлургический институт (ХМИ)
|c (Караганда)
|2 stltpush
|3 (RuTPU)RU\TPU\col\7909
|
| 801 |
|
1 |
|a RU
|b 63413507
|c 20140519
|
| 801 |
|
2 |
|a RU
|b 63413507
|c 20200826
|g RCR
|
| 942 |
|
|
|c BK
|